Novela por personagens principais 2 - Statistics

Estatísticas Gerais
  • Esse quiz foi jogado 209 vezes
  • A pontuação média é 5 de 6
Estatísticas das Respostas
Personagens principais Novela % Correto
Nazaré Tedesco, Maria do Carmo (2004) Senhora do Destino
88%
Maria da Paz, Josiane (2019) A Dona do Pedaço
87%
Donatella, Flora, Lara (2008) A Favorita
84%
Angel, Alex, Carolina, Fani (2015) Verdades Secretas
83%
Aninha, Danilo, Olga, Bernadete (2003) Chocolate com Pimenta
81%
Maria do Carmo, Edu Figueroa (1990) Rainha da Sucata
57%
Nenhum quiz correspondente encontrado
Distribuição das Pontuações
Porcentagem de Pessoas com Cada Pontuação
Percentil de Números Respondidos
Sua Pontuação Histórica
Você não jogou esse quiz